STAR: Science and technology of archaeological research

Bibliographic Details
Corporate Author: Society for Archaeological Sciences (U.S.)
Format: Electronic Journal
Language:English
Published: [Philadelphia, PA] : Maney Online, 2015-
Subjects:
Online Access:Full text available from Research Library: 12/01/2017 to 12/31/2017

MARC

LEADER 00000nas a2200000 i 4500
001 ssj0001424149
003 WaSeSS
005 20200512172242.0
006 m d
007 cr n
008 150217c20159999pauuu pos 0 a0eng c
010 |a  2015268508 
022 |a 2054-8923 
035 |a (WaSeSS)ssj0001424149 
040 |a SERSO  |b eng  |e pn  |c SERSO  |d OCLCF  |d CUS  |d VT2  |d DLC  |d WaSeSS 
042 |a pcc 
050 0 0 |a CC1 
245 0 0 |a STAR: Science and technology of archaeological research  |h [electronic resource]. 
246 1 |a STAR 
260 |a [Philadelphia, PA] :  |b Maney Online,  |c 2015- 
362 1 |a Began with Volume 1, Issue 1 (2015). 
506 |a License restrictions may limit access. 
588 |a Description based on Volume 1, Issue 1 (2015); title from journal table of contents page (publisher's website, viewed Feb. 11, 2015). 
588 |a Latest issue consulted: Volume 5, issue 1 (2019); (Taylor & Francis Online, viewed March 27, 2020). 
650 0 |a Archaeology  |x Research  |v Periodicals. 
650 7 |a Archaeology  |x Research.  |2 fast  |0 (OCoLC)fst00812982 
655 0 |a Electronic journals. 
710 2 |a Society for Archaeological Sciences (U.S.) 
850 |a DLC 
856 4 0 |z Full text available from Research Library: 12/01/2017 to 12/31/2017  |u https://search.proquest.com/publication/3933331